[Event "SR 3. liga A2 2005/2006"]
[Site "?"]
[Date "2006.??.??"]
[Round "?"]
[White "Havlicek, Peter"]
[Black "Zajicek, Ferdinand"]
[Result "1-0"]
[WhiteElo "1705"]
[BlackElo "1725"]
[Annotator " 39.7"]
[PlyCount "117"]
[EventDate "2005.??.??"]

1. e4 e5 2. Nf3 Nc6 3. Bc4 h6 4. O-O Nf6 5. Re1 d6 6. h3 Be6 7. Bxe6 fxe6 8. d4
exd4 9. Nxd4 Nxd4 10. Qxd4 Be7 11. e5 Nd5 12. exd6 Qxd6 13. Qxg7 O-O-O 14. Qe5
Nb4 15. Qxd6 Rxd6 16. Na3 Rc6 17. Re2 Bf6 18. c3 Nd3 19. Rb1 Nc5 20. Bf4 Nd3
21. Bg3 Ra6 22. Nb5 e5 23. Rd1 Nf4 24. Bxf4 exf4 25. a3 Ra5 26. Nd4 Rg5 27. f3
Rg6 28. Rde1 Bh4 29. Re8+ Rxe8 30. Rxe8+ Kd7 31. Re4 Bg3 32. Nf5 h5 33. Nxg3
fxg3 34. Kf1 Rg5 35. Ke2 c5 36. c4 a6 37. Ke3 Rf5 38. f4 Rf6 39. Re5 Rb6 40.
Rd5+ Ke6 41. Rd2 Kf5 42. Rd5+ Kf6 43. Rxh5 Rb3+ 44. Ke4 Rxb2 45. Kf3 Rb3+ 46.
Kg4 Rxa3 47. Rxc5 Rb3 48. h4 b6 49. Rc6+ Kg7 50. c5 bxc5 51. Rxc5 Ra3 52. h5 a5
53. Rc7+ Kh6 54. Rc6+ Kg7 55. h6+ Kh7 56. Ra6 a4 57. Kh4 Kg8 58. Ra7 Kh8 59.
Kg5 1-0

[Event "SR 3. liga A2 2005/2006"]
[Site "?"]
[Date "2006.??.??"]
[Round "?"]
[White "Papanek, Lubomir"]
[Black "Palka, Martin"]
[Result "1/2-1/2"]
[WhiteElo "1690"]
[BlackElo "1655"]
[Annotator " 39.8"]
[PlyCount "167"]
[EventDate "2005.??.??"]

1. d4 Nf6 2. c4 e6 3. Nc3 c5 4. d5 exd5 5. cxd5 d6 6. e4 g6 7. Bg5 Bg7 8. Bb5+
Bd7 9. Qb3 O-O 10. Nge2 Qa5 11. f3 a6 12. Bxd7 Nbxd7 13. Bd2 b5 14. Nd1 Qc7 15.
Rc1 c4 16. Qe3 Nc5 17. Nf2 Nfd7 18. Bc3 Ne5 19. Bd4 Qa5+ 20. Nc3 Ncd3+ 21. Nxd3
Nxd3+ 22. Ke2 Bxd4 23. Qxd4 Nxc1+ 24. Rxc1 b4 25. Nd1 Qxa2 26. Rxc4 a5 27. Rc6
Rfd8 28. Qf6 Qa4 29. Ne3 Qb5+ 30. Kf2 a4 31. Ng4 Qb7 32. Nh6+ Kf8 33. Qh8+ Ke7
34. Qg7 Rf8 35. Ng4 h5 36. Qf6+ Ke8 37. Qxd6 hxg4 38. Rc7 Qxc7 39. Qxc7 Rd8 40.
Qc6+ Rd7 41. Qxa4 gxf3 42. gxf3 f6 43. Qc6 Rff7 44. Qe6+ Kf8 45. Qg4 f5 46.
Qxg6 fxe4 47. Qxe4 Rd6 48. h4 Rfd7 49. Qxb4 Kg7 50. Qg4+ Kh7 51. Qh5+ Kg7 52.
Qe5+ Kh7 53. Qe4+ Kg7 54. b4 Rxd5 55. b5 Kf6 56. b6 Rd4 57. Qc6+ R4d6 58. Qc8
Rd2+ 59. Kg3 Rg7+ 60. Kf4 Rd4+ 61. Ke3 Rdd7 62. Qc6+ Kf5 63. Qe4+ Kf6 64. Kf4
Rge7 65. Qf5+ Kg7 66. Qg5+ Kf8 67. Qh6+ Kg8 68. Qg5+ Kf8 69. Qc5 Kg7 70. Kg5
Kh8 71. h5 Rg7+ 72. Kh4 Kh7 73. Qf5+ Kh6 74. Qf6+ Kh7 75. h6 Rgf7 76. Qc6 Rde7
77. Kg4 Rd7 78. Kg5 Rde7 79. f4 Rd7 80. Qg6+ Kh8 81. f5 Rde7 82. Qc6 Kh7 83.
Qc3 Rb7 84. Qc6 1/2-1/2

[Event "SR 3. liga A2 2005/2006"]
[Site "?"]
[Date "2006.??.??"]
[Round "?"]
[White "Hecko, Dusan"]
[Black "Kubis, Ivan"]
[Result "1/2-1/2"]
[WhiteElo "2120"]
[BlackElo "2065"]
[Annotator " 40.1"]
[PlyCount "22"]
[EventDate "2005.??.??"]

1. c4 e5 2. Nc3 Nf6 3. Nf3 Nc6 4. d3 Bb4 5. Bd2 O-O 6. g3 Re8 7. Bg2 d6 8. O-O
Be6 9. Ng5 Bg4 10. h3 Bh5 11. Rc1 h6 1/2-1/2

[Event "SR 3. liga A2 2005/2006"]
[Site "?"]
[Date "2006.??.??"]
[Round "?"]
[White "Hrubsa, Vladimir"]
[Black "Diviak, R."]
[Result "1-0"]
[WhiteElo "2055"]
[BlackElo "1945"]
[Annotator " 40.2"]
[PlyCount "65"]
[EventDate "2005.??.??"]

1. e4 c5 2. b3 Nc6 3. Bb2 d6 4. Bb5 Bd7 5. Nc3 e6 6. f4 Nf6 7. Nf3 Qc7 8. O-O
Be7 9. Kh1 O-O 10. Bxc6 Bxc6 11. Qe2 a6 12. a4 b6 13. Rae1 Bb7 14. d3 Rfe8 15.
Nd1 d5 16. e5 Nd7 17. c4 Red8 18. f5 d4 19. Bc1 Nf8 20. Ng5 exf5 21. Rxf5 Bxg5
22. Bxg5 Rd7 23. Qg4 Ne6 24. Ref1 b5 25. Bf6 g6 26. Rh5 Ng7 27. Rh6 Re8 28. Qg3
Re6 29. Kg1 Ne8 30. Qh3 Nxf6 31. exf6 Qe5 32. Rxh7 Rxf6 33. Rh8+ 1-0

[Event "SR 3. liga A2 2005/2006"]
[Site "?"]
[Date "2006.??.??"]
[Round "?"]
[White "Pericka, Tomas"]
[Black "Vepy, Ivan"]
[Result "0-1"]
[WhiteElo "1945"]
[BlackElo "1925"]
[Annotator " 40.3"]
[PlyCount "44"]
[EventDate "2005.??.??"]

1. e4 e5 2. f4 d6 3. Nf3 Nc6 4. Bc4 Be7 5. O-O Nf6 6. d3 h6 7. Nc3 Bg4 8. Qe1
Bxf3 9. Rxf3 Nd4 10. Rf2 Ng4 11. fxe5 Nxf2 12. Bxf7+ Kxf7 13. Qxf2+ Kg6 14.
Qxd4 Rf8 15. Nd5 dxe5 16. Qxe5 Bd6 17. Qe6+ Kh7 18. Be3 Qh4 19. g3 Bxg3 20.
hxg3 Qxg3+ 21. Kh1 Rae8 22. Qd7 Re5 0-1

[Event "SR 3. liga A2 2005/2006"]
[Site "?"]
[Date "2006.??.??"]
[Round "?"]
[White "Londin, Martin"]
[Black "Blazkova, Barbora"]
[Result "1/2-1/2"]
[WhiteElo "1915"]
[BlackElo "1965"]
[Annotator " 40.4"]
[PlyCount "42"]
[EventDate "2005.??.??"]

1. e4 c5 2. Nf3 d6 3. d4 cxd4 4. Nxd4 Nf6 5. Nc3 a6 6. g3 e6 7. Bg2 Be7 8. O-O
O-O 9. Be3 Nbd7 10. h3 Qc7 11. Nce2 Nc5 12. f3 Bd7 13. c4 Rac8 14. Nc3 d5 15.
b4 e5 16. Nxd5 Nxd5 17. cxd5 exd4 18. Bf4 Qb6 19. bxc5 Bxc5 20. Rb1 Qa5 21. Qd2
Qxd2 1/2-1/2

[Event "SR 3. liga A2 2005/2006"]
[Site "?"]
[Date "2006.??.??"]
[Round "?"]
[White "Pagerka, Martin"]
[Black "Pagac, Robert"]
[Result "1-0"]
[WhiteElo "1855"]
[BlackElo "1805"]
[Annotator " 40.5"]
[PlyCount "97"]
[EventDate "2005.??.??"]

1. e4 e5 2. Nf3 Nc6 3. Bb5 a6 4. Ba4 Nf6 5. O-O b5 6. Bb3 Be7 7. Re1 d6 8. c3
O-O 9. d3 Bg4 10. h3 Bd7 11. Nbd2 Qc8 12. Kh2 Rb8 13. Nf1 a5 14. Ng3 Bd8 15. d4
exd4 16. cxd4 Ne7 17. Bg5 Ng6 18. e5 Ne8 19. Qd2 a4 20. Bc2 c6 21. Rad1 d5 22.
h4 Bg4 23. h5 Bxf3 24. gxf3 Nh4 25. Bxh4 Bxh4 26. Nf5 Qd8 27. Rg1 Kh8 28. Qf4
Bxf2 29. Rg2 g6 30. Rxf2 gxf5 31. Bxf5 Rg8 32. Rg2 Rxg2+ 33. Kxg2 Ng7 34. Bg4
Qe7 35. Re1 Rg8 36. Kh3 Ne6 37. Bxe6 fxe6 38. Qf6+ Qg7 39. h6 Qxf6 40. exf6 Rg6
41. Rxe6 Kg8 42. Re8+ Kf7 43. Re7+ Kg8 44. Rg7+ Rxg7 45. fxg7 Kf7 46. Kg4 b4
47. Kf5 a3 48. b3 Kg8 49. Ke6 1-0

[Event "SR 3. liga A2 2005/2006"]
[Site "?"]
[Date "2006.??.??"]
[Round "?"]
[White "Hrubsa, Marian"]
[Black "Karlik, L."]
[Result "0-1"]
[WhiteElo "1725"]
[BlackElo "1850"]
[Annotator " 40.6"]
[PlyCount "32"]
[EventDate "2005.??.??"]

1. e4 d5 2. exd5 Nf6 3. c4 e6 4. dxe6 Bxe6 5. d4 Qe7 6. Qe2 Nc6 7. Be3 Bg4 8.
f3 Bf5 9. g3 Nb4 10. Na3 Nd3+ 11. Kd1 O-O-O 12. Bh3 Bxh3 13. Nxh3 Nxb2+ 14. Kc2
Qxa3 15. Rab1 Nxc4 16. Rb3 Qxa2+ 0-1

[Event "SR 3. liga A2 2005/2006"]
[Site "?"]
[Date "2006.??.??"]
[Round "?"]
[White "Fedor, Miroslav"]
[Black "Salasek, Vadar"]
[Result "1/2-1/2"]
[WhiteElo "1795"]
[BlackElo "1710"]
[Annotator " 40.7"]
[PlyCount "86"]
[EventDate "2005.??.??"]

1. d4 d5 2. c4 e6 3. Nf3 f5 4. g3 c6 5. Qc2 Bd6 6. Bg2 Nf6 7. O-O O-O 8. Bg5
Qe8 9. cxd5 exd5 10. Nc3 Ne4 11. Bc1 Nd7 12. e3 Ndf6 13. Nd2 Nxd2 14. Bxd2 Ne4
15. f4 Nxd2 16. Qxd2 Qh5 17. Bf3 Qh3 18. Qg2 Qxg2+ 19. Kxg2 Bd7 20. a4 Rfe8 21.
Kf2 a6 22. h4 Bb4 23. Rfc1 g6 24. Rc2 h5 25. Rac1 a5 26. Na2 Kf7 27. Nc3 Ke6
28. Na2 Kd6 29. Nxb4 axb4 30. b3 Ra5 31. Ra2 Rea8 32. Bd1 b5 33. Rc5 Kc7 34.
Ke1 Kb6 35. Kd2 bxa4 36. Rxa5 Rxa5 37. bxa4 c5 38. dxc5+ Kxc5 39. Bb3 Kd6 40.
Kd3 Bc6 41. Kd4 Bd7 42. Rb2 Rc5 43. Rc2 Ra5 1/2-1/2

[Event "SR 3. liga A2 2005/2006"]
[Site "?"]
[Date "2006.??.??"]
[Round "?"]
[White "Janko, Ladislav"]
[Black "Lesny, Stefan"]
[Result "1/2-1/2"]
[WhiteElo "2190"]
[BlackElo "2095"]
[Annotator " 41.1"]
[PlyCount "82"]
[EventDate "2005.??.??"]

1. e4 e5 2. Nf3 Nc6 3. Bb5 d6 4. d3 Bd7 5. c3 Nf6 6. Nbd2 a6 7. Ba4 Be7 8. Nf1
O-O 9. Ng3 b5 10. Bc2 Re8 11. O-O h6 12. d4 Nh7 13. dxe5 dxe5 14. Bb3 Nf6 15.
Qe2 Bd6 16. Nh4 Na5 17. Bc2 Bg4 18. f3 Be6 19. b3 c5 20. Nhf5 Bf8 21. f4 Nc6
22. fxe5 Nxe5 23. Bf4 Ng6 24. Rad1 Nxf4 25. Rxf4 Nd7 26. e5 g6 27. Ne4 Qc7 28.
Rxd7 Bxd7 29. Nf6+ Kh8 30. Nxh6 Bxh6 31. Rh4 Kg7 32. Rxh6 Kxh6 33. Qe3+ Kg7 34.
Nh5+ gxh5 35. Qg5+ Kf8 36. Qh6+ Ke7 37. Qf6+ Kf8 38. Qh6+ Ke7 39. Qg5+ Kf8 40.
Qh6+ Ke7 41. Qf6+ Kf8 1/2-1/2

[Event "SR 3. liga A2 2005/2006"]
[Site "?"]
[Date "2006.??.??"]
[Round "?"]
[White "Obdrzalkova, Anitta"]
[Black "Sulek, Viliam"]
[Result "0-1"]
[WhiteElo "2130"]
[BlackElo "2165"]
[Annotator " 41.2"]
[PlyCount "112"]
[EventDate "2005.??.??"]

1. d4 Nf6 2. Nf3 g6 3. c4 Bg7 4. Nc3 d5 5. cxd5 Nxd5 6. e4 Nb6 7. h3 O-O 8. Be3
Nc6 9. d5 Ne5 10. Nxe5 Bxe5 11. Qc2 e6 12. Rd1 exd5 13. Nxd5 Nxd5 14. Rxd5 Qf6
15. Be2 Be6 16. Rb5 b6 17. O-O c5 18. Qc1 Bd7 19. Rb3 Ba4 20. Rd3 Bxb2 21. Qc4
Bc6 22. f4 Qe6 23. Qxe6 fxe6 24. e5 Rad8 25. Rfd1 Rxd3 26. Rxd3 Bb5 27. Rd2
Bxe2 28. Rxe2 Bc3 29. g4 Rd8 30. Kg2 Rd3 31. f5 gxf5 32. gxf5 Kf7 33. Bg5 Bd4
34. h4 c4 35. h5 c3 36. h6 b5 37. Kf1 Rf3+ 38. Ke1 Rxf5 39. Bf6 Rh5 40. Rg2
Bxe5 41. Bxe5 Rxe5+ 42. Kd1 Rd5+ 43. Kc1 Kf6 44. Rg7 a5 45. Rxh7 Rh5 46. Rb7 b4
47. h7 Kg6 48. Rb5 Rxh7 49. Rxa5 Rh1+ 50. Kc2 Rh2+ 51. Kc1 Kf6 52. Rb5 Rb2 53.
Ra5 e5 54. a3 b3 55. Rc5 Rc2+ 56. Kd1 Rd2+ 0-1

[Event "SR 3. liga A2 2005/2006"]
[Site "?"]
[Date "2006.??.??"]
[Round "?"]
[White "Czikhardt, Tibor"]
[Black "Petenyi, Tamas"]
[Result "0-1"]
[WhiteElo "2020"]
[BlackElo "2075"]
[Annotator " 41.3"]
[PlyCount "96"]
[EventDate "2005.??.??"]

1. e4 c5 2. Nf3 d6 3. Bb5+ Bd7 4. Bxd7+ Qxd7 5. d4 cxd4 6. Nxd4 Nf6 7. Nc3 g6
8. O-O Bg7 9. Kh1 Nc6 10. Nxc6 Qxc6 11. Qd3 Rc8 12. Be3 a6 13. Rac1 Ng4 14. Bd4
Ne5 15. Qe2 Qc4 16. Qxc4 Rxc4 17. Rfd1 O-O 18. b3 Rcc8 19. Bxe5 Bxe5 20. Nd5
Rfe8 21. c4 e6 22. Nb6 Rc6 23. Na4 Rec8 24. g3 b5 25. f4 Bg7 26. Nc3 bxc4 27.
bxc4 Rxc4 28. Ne2 Rc2 29. Re1 Bb2 30. Rxc2 Rxc2 31. Kg1 Ba3 32. Kf2 Rxa2 33.
Ke3 Bc5+ 34. Kd3 a5 35. Rb1 a4 36. Nc3 Rxh2 37. Nxa4 Bf2 38. g4 Rh4 39. Ke2 Bd4
40. Rb8+ Kg7 41. Rd8 Rxg4 42. Kf3 h5 43. Rxd6 e5 44. fxe5 Bxe5 45. Rd7 Rg3+ 46.
Kf2 h4 47. Rd1 h3 48. Rh1 Ra3 0-1

[Event "SR 3. liga A2 2005/2006"]
[Site "?"]
[Date "2006.??.??"]
[Round "?"]
[White "Rachela, Robert"]
[Black "Kosar, Mikulas ml"]
[Result "0-1"]
[WhiteElo "1935"]
[BlackElo "1965"]
[Annotator " 41.4"]
[PlyCount "56"]
[EventDate "2005.??.??"]

1. e4 e5 2. Nf3 Nf6 3. Nc3 Bb4 4. d3 Nc6 5. Bd2 d6 6. Be2 O-O 7. O-O h6 8. a3
Ba5 9. b4 Bb6 10. Na4 Bd7 11. Nxb6 axb6 12. c4 Ne7 13. Bc3 Ng6 14. g3 c5 15.
Re1 Nh7 16. Bd2 f5 17. exf5 Bxf5 18. Be3 Qf6 19. Nd2 Ng5 20. f3 Nf4 21. gxf4
exf4 22. Bxf4 Nh3+ 23. Kg2 Nxf4+ 24. Kh1 Rae8 25. Ne4 Qd4 26. Rg1 Bxe4 27. fxe4
Nh3 28. Rg2 Rf2 0-1

[Event "SR 3. liga A2 2005/2006"]
[Site "?"]
[Date "2006.??.??"]
[Round "?"]
[White "Kubica, Adrian"]
[Black "Kolesar, Rastislav"]
[Result "1-0"]
[WhiteElo "1945"]
[BlackElo "1880"]
[Annotator " 41.5"]
[PlyCount "79"]
[EventDate "2005.??.??"]

1. e4 e5 2. Nf3 Nc6 3. d4 exd4 4. Bc4 Bc5 5. c3 dxc3 6. Bxf7+ Kxf7 7. Qd5+ Ke8
8. Qxc5 Qe7 9. Qxe7+ Ngxe7 10. Nxc3 d6 11. Nb5 Kd8 12. Ng5 Ne5 13. f4 Nd3+ 14.
Ke2 Nxc1+ 15. Raxc1 Bd7 16. Nxc7 Bg4+ 17. Kf2 Rc8 18. Nf7+ Kd7 19. Nxh8 Rxc7
20. Rxc7+ Kxc7 21. Nf7 h6 22. e5 dxe5 23. Nxe5 Be6 24. a3 Nc6 25. Nxc6 Kxc6 26.
Re1 Kd7 27. Re5 g6 28. b4 Ke7 29. Ke3 a6 30. Kd4 Kd6 31. h4 b6 32. h5 Bf7 33.
hxg6 Bxg6 34. f5 Bf7 35. g4 Kd7 36. Ke4 Kd6 37. f6 Be6 38. Kf4 Kd7 39. g5 hxg5+
40. Kxg5 1-0

[Event "SR 3. liga A2 2005/2006"]
[Site "?"]
[Date "2006.??.??"]
[Round "?"]
[White "Csiba, Dominik"]
[Black "Bott, Tamas"]
[Result "1/2-1/2"]
[WhiteElo "1800"]
[BlackElo "1930"]
[Annotator " 41.6"]
[PlyCount "95"]
[EventDate "2005.??.??"]

1. f4 Nf6 2. Nf3 e6 3. e3 d5 4. b3 Nc6 5. Bb2 Be7 6. Bb5 Bd7 7. O-O O-O 8. d3
a6 9. Bxc6 Bxc6 10. Ne5 Bc5 11. d4 Ba7 12. Nd2 Bd7 13. Ndf3 c5 14. Ba3 Rc8 15.
Bxc5 Bxc5 16. dxc5 Rxc5 17. Nd3 Rc3 $11 18. a4 Qb6 19. Nd4 Qd8 20. Ne2 Rc8 21.
Ne5 b5 22. Nd4 bxa4 23. bxa4 Ne4 24. Qg4 Nf6 25. Qe2 Qa5 26. Rf3 Rfd8 27. Rg3
Be8 28. Ng4 Nxg4 29. Qxg4 g6 30. Qh4 Rc4 31. Rh3 h5 32. Qg5 Rxa4 33. Rf1 Ra1
34. Rxa1 Qxa1+ 35. Kf2 Rc8 36. Qe7 Bb5 37. Rf3 Qf1+ 38. Kg3 Qe1+ 39. Kh3 Be2
40. Rg3 Bg4+ 41. Kh4 Qc3 42. h3 Bf5 43. Qf6 Bxc2 44. e4 Qa1 45. Rxg6+ fxg6 46.
Qxe6+ Kg7 47. Qe5+ Kh7 48. Qe7+ 1/2-1/2

[Event "SR 3. liga A2 2005/2006"]
[Site "?"]
[Date "2006.??.??"]
[Round "?"]
[White "Kosar, Mikulas"]
[Black "Csiba, Peter"]
[Result "0-1"]
[WhiteElo "2010"]
[BlackElo "1705"]
[Annotator " 41.7"]
[PlyCount "112"]
[EventDate "2005.??.??"]

1. e4 e6 2. d4 d5 3. e5 c5 4. Bb5+ Bd7 5. Bxd7+ Qxd7 6. Nf3 Nc6 7. Be3 cxd4 8.
Bxd4 Bb4+ 9. Bc3 Bc5 10. O-O Nge7 11. b3 O-O 12. Bb2 Rfd8 13. Nc3 Ng6 14. Na4
Bb4 15. a3 Ba5 16. Nc5 Qe7 17. Nd3 Rac8 18. Rc1 a6 19. b4 Bc7 20. Re1 b6 21.
Qd2 Bb8 22. Qg5 Qxg5 23. Nxg5 Rd7 24. g3 h6 25. Nf3 Ba7 26. h4 Rdc7 27. h5 Nf8
28. Re2 Nd7 29. Kf1 b5 30. Kg2 Ncb8 31. c3 Nb6 32. Rec2 Nc4 33. Nd2 Nd7 34.
Nxc4 Rxc4 35. f4 R8c6 36. Ba1 Nb6 37. Nb2 Re4 38. Rd1 Nc4 39. Nxc4 Rcxc4 40.
Kf1 Re3 41. Kg2 Kf8 42. Rf1 Rce4 43. Rd2 Re2+ 44. Rxe2 Rxe2+ 45. Kf3 Ra2 46.
Re1 Ke7 47. Rc1 f5 48. exf6+ gxf6 49. Re1 f5 50. Rf1 Rxa3 51. Bb2 Rb3 52. Rb1
d4 53. Ke2 dxc3 54. Kd1 Rxb2 55. Rxb2 cxb2 56. Kc2 Bd4 0-1

[Event "SR 3. liga A2 2005/2006"]
[Site "?"]
[Date "2006.??.??"]
[Round "?"]
[White "Vertetics, Attila"]
[Black "Meszaros, Lorant"]
[Result "1/2-1/2"]
[WhiteElo "2215"]
[BlackElo "2110"]
[Annotator " 42.1"]
[PlyCount "95"]
[EventDate "2005.??.??"]

1. d4 f5 2. Nf3 Nf6 3. g3 g6 4. Bg2 Bg7 5. O-O O-O 6. c4 d6 7. Nc3 Nc6 8. d5
Na5 9. Nd2 c5 10. a3 b6 11. Rb1 Ba6 12. b3 Rb8 13. a4 Bc8 14. e4 a6 15. Qe2 e5
16. dxe6 Bxe6 17. Nd5 Nc6 18. Nf4 Nd4 19. Qd3 fxe4 20. Nxe4 Bf5 21. Nxf6+ Qxf6
22. Be4 Bxe4 23. Qxe4 Qf5 24. Qxf5 Rxf5 25. Nd5 Rf7 26. b4 b5 27. axb5 axb5 28.
bxc5 dxc5 29. cxb5 Rxb5 30. Rxb5 Nxb5 31. Bf4 Nd4 32. Kg2 Rd7 33. Nb6 Rb7 34.
Nd5 Ne6 35. Be3 Rb2 36. Rc1 Bd4 37. Bxd4 cxd4 38. Rc6 Kf7 39. Rd6 Rb7 40. h4
Nc5 41. Nf4 Rd7 42. Rxd7+ Nxd7 43. Kf3 Nc5 44. Ne2 d3 45. Nc3 Ke6 46. Ke3 Ke5
47. g4 h5 48. f4+ 1/2-1/2

[Event "SR 3. liga A2 2005/2006"]
[Site "?"]
[Date "2006.??.??"]
[Round "?"]
[White "Varga, Alexander"]
[Black "Ress, Tamas"]
[Result "0-1"]
[WhiteElo "1890"]
[BlackElo "2120"]
[Annotator " 42.2"]
[PlyCount "78"]
[EventDate "2005.??.??"]

1. d4 Nf6 2. c4 e6 3. Nc3 d5 4. e3 Nbd7 5. c5 c6 6. b4 Be7 7. Bd3 e5 8. f3 O-O
9. Nge2 Re8 10. O-O b6 11. a3 a5 12. Bd2 Ba6 13. Qc2 Bxd3 14. Qxd3 b5 15. Qc2
h6 16. Ra2 Nh7 17. f4 exf4 18. Nxf4 Ndf6 19. bxa5 Rxa5 20. a4 bxa4 21. Rxa4 $11
Rxa4 22. Qxa4 Qd7 23. Nd3 Qe6 24. Ne5 Rc8 25. Nd3 Ng5 26. Nf2 Rb8 27. Qc2 Bd8
28. Rb1 Bc7 29. Rxb8+ Bxb8 30. Qb1 Bc7 31. Qb7 Qd7 32. Qa6 h5 33. Qd3 Qe6 34.
Ne2 Nge4 35. Nf4 Qf5 36. Nxe4 Nxe4 37. Bc1 h4 38. Qf1 g5 39. Nh3 Bxh2+ 0-1

[Event "SR 3. liga A2 2005/2006"]
[Site "?"]
[Date "2006.??.??"]
[Round "?"]
[White "Ivan, Imrich ml"]
[Black "Szekely, Stefan"]
[Result "1-0"]
[WhiteElo "2015"]
[BlackElo "2080"]
[Annotator " 42.3"]
[PlyCount "121"]
[EventDate "2005.??.??"]

1. Nf3 d6 2. d4 Nf6 3. c4 g6 4. Nc3 Bg7 5. Bg5 c6 6. e3 Qa5 7. Qd2 Bg4 8. Be2
Nbd7 9. O-O Bxf3 10. Bxf6 Nxf6 11. Bxf3 O-O 12. Rfd1 Rfe8 13. Qd3 Rad8 14. b4
Qg5 15. b5 d5 16. bxc6 bxc6 17. cxd5 cxd5 18. Nb5 Rd7 19. Rac1 Red8 20. g3 h5
$11 21. h4 Qh6 22. Rc5 e6 23. Rdc1 g5 24. Kf1 Bf8 25. Rc7 a6 26. Rxd7 Rxd7 27.
Nc7 Bd6 28. Nxa6 g4 29. Bg2 Qf8 30. Qb5 Qh6 31. Rc3 Qg6 32. Nc5 Re7 33. a4 e5
34. Rc1 exd4 35. exd4 Qh6 36. Rd1 Qg6 37. Qb1 Ne4 38. Nxe4 dxe4 39. Re1 Qf6 40.
Qb6 e3 41. Qd8+ Kg7 42. Rxe3 Rxe3 43. Qxf6+ Kxf6 44. fxe3 Bxg3 45. a5 Bb8 46.
Ke2 Ke6 47. Kd3 f5 48. a6 Kd6 49. e4 fxe4+ 50. Kxe4 Ba7 51. d5 Bf2 52. Kf5 Kc7
53. Kg5 Kb6 54. Bf1 g3 55. Kxh5 g2 56. Bxg2 Kxa6 57. Kg5 Kb6 58. h5 Kc5 59. h6
Kd6 60. Kf6 Bd4+ 61. Kf7 1-0

[Event "SR 3. liga A2 2005/2006"]
[Site "?"]
[Date "2006.??.??"]
[Round "?"]
[White "Both, Lajos"]
[Black "Csefalvay, Stefan"]
[Result "0-1"]
[WhiteElo "1990"]
[BlackElo "1925"]
[Annotator " 42.4"]
[PlyCount "146"]
[EventDate "2005.??.??"]

1. e4 c5 2. c3 d5 3. exd5 Qxd5 4. d4 Nf6 5. Nf3 e6 6. Be2 cxd4 7. cxd4 Nc6 8.
O-O Be7 9. Nc3 Qd6 10. Be3 a6 11. a3 b5 12. b4 O-O 13. Rc1 Bb7 14. Qd2 Rfd8 15.
Rfd1 Rac8 16. Qa2 Qb8 17. Qb1 Rd7 18. h3 Rcd8 19. Rd2 g6 20. Rcd1 Bf8 21. Qb3
Bg7 22. Bg5 Ne7 23. Ne5 Rc7 24. Bf3 Nfd5 25. Nxd5 Bxd5 26. Bxd5 Bxe5 27. Bf3
Bd6 28. d5 e5 29. Be4 Rdc8 30. Qf3 f5 31. Bb1 Rc3 32. Qe2 Qc7 33. Ra2 Kg7 34.
Qd2 Rc4 35. Bh6+ Kg8 36. Qg5 Rf8 37. Bxf8 Kxf8 38. Qd2 e4 39. Rc2 Bh2+ 40. Kh1
Rxc2 41. Qxc2 Qxc2 42. Bxc2 Bd6 43. Bb3 Kf7 44. Rc1 Kf6 45. Kg1 g5 46. Kf1 h5
47. Rd1 Ke5 48. Ke2 f4 49. f3 Nf5 50. Ba2 Nd4+ 51. Kd2 exf3 52. gxf3 Nxf3+ 53.
Kd3 g4 54. hxg4 hxg4 55. Rh1 g3 56. Rh5+ Kf6 57. Rh6+ Kg7 58. Rxd6 g2 59. Ke4
Nh4 60. Rd7+ Kf6 61. Kxf4 g1=Q 62. Rd6+ Ke7 63. Rxa6 Qd4+ 64. Kg5 Nf3+ 65. Kf5
Qd3+ 66. Kf4 Nd4 67. d6+ Kd7 68. Bg8 Qf3+ 69. Ke5 Nc6+ 70. Rxc6 Kxc6 71. Ke6
Qe3+ 72. Kf6 Kxd6 73. Bf7 Qxa3 0-1

[Event "SR 3. liga A2 2005/2006"]
[Site "?"]
[Date "2006.??.??"]
[Round "?"]
[White "Vizvari, Ludovit"]
[Black "Szitasi, Janos"]
[Result "1-0"]
[WhiteElo "1840"]
[BlackElo "2020"]
[Annotator " 42.5"]
[PlyCount "143"]
[EventDate "2005.??.??"]

1. d4 d5 2. c4 e6 3. Nc3 Nf6 4. Nf3 Be7 5. Bf4 O-O 6. e3 b6 7. Bd3 Bb7 8. cxd5
Nxd5 9. Nxd5 Bxd5 10. O-O Nd7 11. a3 c5 12. Rc1 cxd4 13. exd4 Nf6 14. Be5 Bd6
15. Bb1 h6 16. Re1 Ng4 17. h3 Nxe5 18. dxe5 Be7 19. Rc3 b5 20. Qc2 g6 21. Rd1
Rc8 22. Ba2 Rxc3 23. Qxc3 Qd7 24. Bxd5 exd5 25. Qd2 Rd8 26. Qxh6 Qf5 27. Qe3
Qc2 28. Qd2 Qb3 29. Nd4 Qa4 30. Rc1 Re8 31. f4 Bf8 32. Qd3 Bg7 33. g3 a6 34.
Nc6 g5 35. b4 gxf4 36. gxf4 d4 37. f5 Bh6 38. f6 Kh8 39. Rc2 Rc8 40. Kg2 a5 41.
bxa5 b4 42. Nxb4 Rxc2+ 43. Nxc2 Qxa5 44. Qxd4 Qa8+ 45. Kg3 Qg8+ 46. Qg4 Qd8 47.
Nd4 Qa5 48. Nf3 Qxa3 49. Qc8+ Kh7 50. Qf5+ Kh8 51. Kg4 Qe3 52. Qc8+ Kh7 53. Qc4
Kg8 54. h4 Qf2 55. Qc8+ Kh7 56. Qf5+ Kh8 57. Kh5 Bf8 58. Qe4 Qf1 59. Ng5 Qd1+
60. Qg4 Qd5 61. e6 fxe6 62. Qxe6 Qxe6 63. Nxe6 Kg8 64. Kg6 Bb4 65. f7+ Kh8 66.
f8=Q+ Bxf8 67. Nxf8 Kg8 68. Ne6 Kh8 69. h5 Kg8 70. h6 Kh8 71. Ng5 Kg8 72. h7+
1-0

[Event "SR 3. liga A2 2005/2006"]
[Site "?"]
[Date "2006.??.??"]
[Round "?"]
[White "Liska, Frantisek"]
[Black "Ivan, Imrich"]
[Result "0-1"]
[WhiteElo "2000"]
[BlackElo "1800"]
[Annotator " 42.6"]
[PlyCount "141"]
[EventDate "2005.??.??"]

1. d4 Nf6 2. Nf3 e6 3. Bf4 c5 4. e3 Nc6 5. c3 cxd4 6. exd4 d5 7. Bd3 Bd6 8. Bg5
Be7 9. Qc2 Qc7 10. Nbd2 Na5 11. Bh4 h6 12. Bg3 Bd6 13. Qa4+ Nc6 14. Qc2 a6 15.
b4 Bd7 16. Nb3 b6 17. Qe2 Bxg3 18. hxg3 Bc8 19. Rc1 Qd6 20. Ne5 Nd7 21. f4
Ncxe5 22. fxe5 Qe7 23. Qg4 f5 24. Qh5+ Qf7 25. Qxf7+ Kxf7 26. Rf1 h5 27. a4 Bb7
28. a5 Bc6 29. axb6 Nxb6 30. Ra1 Bb5 31. Bxb5 axb5 32. Ke2 Nc4 33. Nc5 Ke7 34.
Na6 Ra7 35. Nc5 Rha8 36. Nb3 Ra2+ 37. Kd3 R8a3 38. Rg1 Kf7 39. Rh1 Rxg2 40.
Rxa3 Rxg3+ 41. Ke2 Nxa3 42. Rxh5 Rxc3 43. Nc5 Rc4 44. Rh3 Nc2 45. Nb7 Nxd4+ 46.
Kd3 Rxb4 47. Nd6+ Kg8 48. Rh1 Nc6 49. Kc3 Ra4 50. Kb3 Rg4 51. Nxb5 Nd4+ 52.
Nxd4 Rxd4 53. Re1 Re4 54. Rg1 Rxe5 55. Kb4 d4 56. Kc4 Rd5 57. Re1 Kf7 58. Re2
d3 59. Rd2 g5 60. Rxd3 Rxd3 61. Kxd3 e5 62. Ke3 Ke6 63. Kf3 Kd5 64. Ke3 g4 65.
Kd3 f4 66. Kd2 Ke4 67. Ke2 g3 68. Ke1 f3 69. Kf1 Kd3 70. Ke1 g2 71. Kf2 0-1

[Event "SR 3. liga A2 2005/2006"]
[Site "?"]
[Date "2006.??.??"]
[Round "?"]
[White "Vegh, Vince"]
[Black "Arpa, Zoltan"]
[Result "0-1"]
[WhiteElo "1710"]
[BlackElo "1850"]
[Annotator " 42.7"]
[PlyCount "142"]
[EventDate "2005.??.??"]

1. e4 e6 2. Qe2 c5 3. Nf3 Nc6 4. g3 g6 5. Bg2 Bg7 6. O-O Nge7 7. d3 O-O 8. c3
d5 9. e5 Qc7 10. d4 cxd4 11. cxd4 Qb6 12. Be3 Bd7 13. Nc3 Na5 14. b3 Rfc8 15.
Rac1 Bf8 16. Bg5 Nf5 17. Qd2 h6 18. Bf6 Kh7 19. Bh3 Ng7 20. Nxd5 exd5 21. Bxd7
Rxc1 22. Rxc1 Bb4 23. Qc2 Ba3 24. Re1 Ne6 25. Qd3 Nc6 26. Bxc6 Qxc6 27. Re2 Rc8
28. Kg2 Bb4 29. h4 Qc3 30. Qe3 Ba5 31. g4 Qc1 32. h5 Nf4+ 33. Kg3 Nxe2+ 34.
Qxe2 Rc3 35. e6 Qg1+ 36. Kh3 Qh1+ 37. Kg3 Qg1+ 38. Kh3 Qh1+ 39. Kg3 Bc7+ 40.
Be5 Bxe5+ 41. dxe5 fxe6 42. hxg6+ Kxg6 43. Kf4 Qc1+ 44. Kg3 a6 45. Kg2 Qf4 46.
Nd2 Kg7 47. Nb1 Rc1 48. Na3 Ra1 49. Nc2 Rxa2 50. Nd4 Qxd4 51. Qxa2 Qxg4+ 52.
Kf1 Qd1+ 53. Kg2 Qg4+ 54. Kf1 Qh3+ 55. Kg1 Qc3 56. Qe2 Qc1+ 57. Kg2 Qf4 58. Qe1
Qe4+ 59. Qxe4 dxe4 60. Kg3 Kg6 61. Kf4 h5 62. Kxe4 h4 63. Kf4 h3 64. Kg3 h2 65.
Kxh2 Kf5 66. Kg3 Kxe5 67. Kf3 Kd4 68. Ke2 b5 69. Kd2 e5 70. f3 a5 71. Ke2 a4
0-1